Southville International School and Colleges
Your cart is empty.
  • Cart
  • Lists
    Public lists Eva Luna New books Lux_list list_1
    Your lists Log in to create your own lists
  • Log in to your account
  • Your cookies
  • Search history
Southville International School and Colleges
  • Advanced search
  • Recent comments
  • Most popular
  • Libraries

Log in to your account

Log in with GOOGLE


If you do not have an external account, but do have a local account, you can still log in:

  1. Home
  2. MARC view: I was walking down the road /
Normal view MARC view ISBD view

I was walking down the road / (Record no. 103252)

[ view plain ]
MARC details
000 -LEADER
fixed length control field 00662nam a2200205 a 4500
005 - DATE AND TIME OF LATEST TRANSACTION
control field 20140412111257.0
008 - FIXED-LENGTH DATA ELEMENTS--GENERAL INFORMATION
fixed length control field 000824s19uu xx 00 eng d
020 ## - INTERNATIONAL STANDARD BOOK NUMBER
International Standard Book Number 0-590-10137-4
050 ## - LIBRARY OF CONGRESS CALL NUMBER
Classification number TR(PS E
Item number I 1975
100 ## - MAIN ENTRY--PERSONAL NAME
Personal name Barchas, Sarah E.
245 ## - TITLE STATEMENT
Title I was walking down the road /
Statement of responsibility, etc by Sarah E. Barchas ; pictures by Jack Kent.
260 ## - PUBLICATION, DISTRIBUTION, ETC. (IMPRINT)
Place of publication, distribution, etc New York :
Name of publisher, distributor, etc Scholastic Inc,
Date of publication, distribution, etc 1975.
300 ## - PHYSICAL DESCRIPTION
Extent 1 v. (unp.) ; ill.
520 ## - SUMMARY, ETC.
Summary, etc I was walking down the road. Then I saw a little toad. I caught it. I picked it up. I put in a cage.
650 ## - SUBJECT ADDED ENTRY--TOPICAL TERM
Topical term or geographic name as entry element Pets--Fiction
650 ## - SUBJECT ADDED ENTRY--TOPICAL TERM
Topical term or geographic name as entry element Children stories
Holdings
Withdrawn status Lost status Damaged status Home library Current library Shelving location Date acquired Source of acquisition Total Checkouts Full call number Barcode Date last seen Price effective from Koha item type
      Elizalde Library Elizalde Library Teachers Reference Section 08/24/2000     TR(PS E I 1975 E4166 04/12/2014 04/12/2014 Books
      Elizalde Library Elizalde Library Teachers Reference Section 08/24/2000     TR(PS E I 1975 E4167 04/12/2014 04/12/2014 Books
      Elizalde Library Elizalde Library Teachers Reference Section 08/24/2000     TR(PS E I 1975 E4173 04/12/2014 04/12/2014 Books

I was walking down the road /

APA

Barchas S. E., . (1975). I was walking down the road. New York: Scholastic Inc.

Chicago

Barchas Sarah E, . 1975. I was walking down the road. New York: Scholastic Inc.

Harvard

Barchas S. E., . (1975). I was walking down the road. New York: Scholastic Inc.

MLA

Barchas Sarah E, . I was walking down the road. New York: Scholastic Inc. 1975.

  • Place hold
  • Print
  • Cite
  • Add to your cart (remove)
  • Save record
    BIBTEX Dublin Core MARCXML MARC (non-Unicode/MARC-8) MARC (Unicode/UTF-8) MARC (Unicode/UTF-8, Standard) MODS (XML) RIS
  • More searches
    Search for this title in:
    Other Libraries (WorldCat) Other Databases (Google Scholar) Online Stores (Bookfinder.com) Open Library (openlibrary.org)

Exporting to Dublin Core...

SOUTHVILLE LIBRARY

Southville International School and Colleges Library

1281 Tropical Ave. Cor. Luxembourg St., BF Homes International, Las Pinas City

Tel. No. 8256374 / 252358 Loc. 117/146

Powered by Koha